| 000 | 00786nam a2200193 i 4500 | ||
|---|---|---|---|
| 001 | 161608 | ||
| 003 | ES-MaACL | ||
| 005 | 20250826005519.0 | ||
| 008 | 940301s1885 sp |||| | spa d | ||
| 100 | 1 |
_aPedregal Cañedo, Manuel, _d1831-1896 _9130930 |
|
| 245 | 1 | 1 |
_a¿Existe el partido obrero? / _cManuel Pedregal y Cañedo. |
| 260 |
_aMadrid : _b[s.n.], _c1885 ( _fImp. Central a cargo de Víctor Saiz) |
||
| 300 |
_a45 p. ; _c17 cm. |
||
| 500 | _aEstudio publicado en "El Día" | ||
| 650 | 7 |
_aMovimiento obrero _2embne _915207 |
|
| 852 |
_aES-MaACL _jT-1299-F-6 _z- Enc. hol., conservando la cub. original _z- Enc. en un vol. facticio |
||
| 852 |
_aES-MaACL _jT-413-F-5 _z- Enc. hol. _q- Falto de la cub. original _z- Enc. en un vol. facticio |
||
| 999 |
_c161608 _d161608 |
||